Planning for urban and economic development (Record no. 399231)

000 -LEADER
fixed length control field 00510cam a22001697a 4500
008 - FIXED-LENGTH DATA ELEMENTS--GENERAL INFORMATION
fixed length control field 180718b2001 xxu||||| |||| 00| 0 eng d
082 ## - DEWEY DECIMAL CLASSIFICATION NUMBER
Classification number J7x54 M697
100 ## - MAIN ENTRY--PERSONAL NAME
Personal name Mittal, A.C.
245 ## - TITLE STATEMENT
Title Planning for urban and economic development
Statement of responsibility, etc. by A.C. Mittal
260 ## - PUBLICATION, DISTRIBUTION, ETC.
Place of publication, distribution, etc. New Delhi
Name of publisher, distributor, etc. Mittal
Date of publication, distribution, etc. 2001
300 ## - PHYSICAL DESCRIPTION
Extent 2 pts.
500 ## - GENERAL NOTE
General note Contents:pt.1.360p;pt.2.624p.
650 ## - SUBJECT ADDED ENTRY--TOPICAL TERM
Topical term or geographic name entry element India - Economic policy
650 ## - SUBJECT ADDED ENTRY--TOPICAL TERM
Topical term or geographic name entry element Economic development - India
650 ## - SUBJECT ADDED ENTRY--TOPICAL TERM
Topical term or geographic name entry element Urbanization - India
650 ## - SUBJECT ADDED ENTRY--TOPICAL TERM
Topical term or geographic name entry element City planning - India
Holdings
Withdrawn status Lost status Damaged status Not for loan Permanent Location Current Location Date acquired Full call number Barcode Date last seen Price effective from Koha item type
        Indian Institute of Public Administration Indian Institute of Public Administration 2002-02-19 J7x54 M697 DA6202 2018-07-21 2018-07-21 DA
        Indian Institute of Public Administration Indian Institute of Public Administration 2002-02-19 J7x54 M697 DA6201 2018-07-21 2018-07-21 DA

Powered by Koha